| 000 | 00607nam a22001697a 4500 | ||
|---|---|---|---|
| 005 | 20250203104304.0 | ||
| 008 | 250203b |||||||| |||| 00| 0 eng d | ||
| 041 | _aeng | ||
| 082 |
_a712 _bPAN |
||
| 100 |
_aPandit Simran _9211183 |
||
| 245 | _aMitigating The Urban Heat Island Effet Caused By Road Infrastructure Through Landscape Architecture Interventions: A Case OF Chandni Chowk Pune | ||
| 260 |
_aPune _bBNCA M Arch Landscape Architecture _c28/01/2025 |
||
| 300 |
_a55pages _bPb _c29.5 x 29.5 |
||
| 365 |
_aINR _b150.00 _cRupaye |
||
| 500 | _aBNCA M Arch Landscape Architecture Thesis | ||
| 942 | _cPR | ||
| 999 |
_c364961 _d364961 |
||